00509nam a2200169Ia 4500008004100000020002600041040001900067041001200086082004200098100002200140245005400162260003900216300001700255650001900272651002700291850002100318131103s9999 xx 000 0 und d a8188125210cRs.275.00 aLoreto College aEnglish a491.43/SINbLCLIB/HinSemLib 741/48324 aSinhal,Om Prakash aPrayojanmulak vyavaharik HindicOm Prakash Sinhal aNew DelhibJagatram and Sonsc2007 a284p c 22cm aHindi language aHindi language-Grammar aLCLIB/491.43/SIN